000
00340nam a22001457a 4500
008
230324b ||||| |||| 00| 0 eng d
020
_a
9781405187923
041
_a
eng
080
_a
338
082
_a
338PED
100
_a
23
101
_a
MENAXHMENT
245
_a
COMPARATIVE HEALTH INFORMATION MANAGEMENT
_c
PEDEN.H.A
942
_2
udc
_c
BK
999
_c
59445
_d
59445